000
00293nam a2200133Ia 4500
100
_a
kING/ g.j.
650
_a
Electrical Engineering
942
_c
BK
654
_a
T.V.
245
_a
Color T.V. Servicing
260
_b
Newres Butterworths
_a
London
_c
1979
300
_a
342
546
_a
ENGLISH
999
_c
31700
_d
31700